[Event "VIII Festival"]
[Site "Castelnuovo del Garda ITA"]
[Date "2000.11.11"]
[Round "2"]
[White "Luciani, Valerio"]
[Black "Mora, Massimo"]
[Result "1-0"]
[WhiteElo "2131"]
[BlackElo "1822"]
[PlyCount "53"]
[EventDate "2000.11.10"]

1. d4 Nf6 2. c4 e6 3. g3 d5 4. Bg2 Be7 5. Nf3 O-O 6. O-O Nbd7 7. b3 c6 8. Bb2
b6 9. Nc3 Bb7 10. Qd3 Rc8 11. e4 dxe4 12. Nxe4 Nxe4 13. Qxe4 Nf6 14. Qe2 Qc7
15. Rfe1 Bb4 16. Red1 Rfe8 17. Ne5 Bd6 18. Rd3 c5 19. dxc5 Bxc5 20. Bxb7 Qxb7
21. Rad1 Be7 22. Ng4 Nxg4 23. Qxg4 Bf8 24. Rd7 Rc7 25. Rd8 Rc8 26. R1d7 Qa8 27.
Qh5 1-0